Tulanamulak prekshapatat manab adhikar (Major 14)/ (Record no. 12323)

MARC details
000 -LEADER
fixed length control field 00605nam a22002057a 4500
005 - DATE AND TIME OF LATEST TRANSACTION
control field 20260313064112.0
008 - FIXED-LENGTH DATA ELEMENTS--GENERAL INFORMATION
fixed length control field 260313b |||||||| |||| 00| 0 eng d
020 ## - INTERNATIONAL STANDARD BOOK NUMBER
International Standard Book Number 9788199508347
040 ## - CATALOGING SOURCE
Original cataloging agency IN-DiNC
Transcribing agency IN-DiNC
041 ## - LANGUAGE CODE
Language code of sung or spoken text Assamese
082 ## - DEWEY DECIMAL CLASSIFICATION NUMBER
Classification number 323.4
Item number GOH
100 ## - MAIN ENTRY--PERSONAL NAME
Personal name Gohain, Nabin
Relator term Author
245 ## - TITLE STATEMENT
Title Tulanamulak prekshapatat manab adhikar (Major 14)/
Statement of responsibility, etc. by Nabin Gohain and Pankaj Bora
250 ## - EDITION STATEMENT
Edition statement 1st ed.
260 ## - PUBLICATION, DISTRIBUTION, ETC.
Place of publication, distribution, etc. Jorhat:
Name of publisher, distributor, etc. Bidya bhawan,
Date of publication, distribution, etc. 2025.
300 ## - PHYSICAL DESCRIPTION
Extent 408p.
650 ## - SUBJECT ADDED ENTRY--TOPICAL TERM
Topical term or geographic name entry element Human rights in comparative perspective (Major 14)
700 ## - ADDED ENTRY--PERSONAL NAME
Personal name Bora, Pankaj
Relator term Author
942 ## - ADDED ENTRY ELEMENTS (KOHA)
Source of classification or shelving scheme Dewey Decimal Classification
Koha item type Books
Holdings
Withdrawn status Lost status Source of classification or shelving scheme Damaged status Not for loan Collection code Home library Current library Shelving location Date acquired Cost, normal purchase price Total Checkouts Full call number Barcode Date due Date last seen Date last checked out Copy number Price effective from Koha item type
    Dewey Decimal Classification     Political Science Central Library, Naharkatiya College Central Library, Naharkatiya College General Stacks 13/03/2026 350.00 1 323.4 GOH 31188 19/05/2026 30/04/2026 30/04/2026 1 13/03/2026 Books
    Dewey Decimal Classification     Political Science Central Library, Naharkatiya College Central Library, Naharkatiya College General Stacks 13/03/2026 350.00 1 323.4 GOH 31189 01/04/2026 13/03/2026 13/03/2026 2 13/03/2026 Books
    Dewey Decimal Classification     Political Science Central Library, Naharkatiya College Central Library, Naharkatiya College General Stacks 13/03/2026 350.00 1 323.4 GOH 31190 01/04/2026 13/03/2026 13/03/2026 3 13/03/2026 Books
    Dewey Decimal Classification     Political Science Central Library, Naharkatiya College Central Library, Naharkatiya College General Stacks 13/03/2026 350.00 1 323.4 GOH 31191 01/04/2026 13/03/2026 13/03/2026 4 13/03/2026 Books
    Dewey Decimal Classification     Political Science Central Library, Naharkatiya College Central Library, Naharkatiya College General Stacks 13/03/2026 350.00 2 323.4 GOH 31192   30/04/2026 31/03/2026 5 13/03/2026 Books

Naharkatiya College © 2020. All rights reserved.

Powered By